00910cam a22002531 4500001001300000003000400013005001700017008004100034010001700075035002000092040005100112042001200163050002300175110004700198245005600245260002400301300002600325490003100351500011800382650002600500650004000526810007300566999001700639l 48000064 DLC20260227111541.0890630s1948 dcua f000 0 eng c al 48000064  a(OCoLC)19954195 aU.S. Dept. of Labor. LibrarycMiDWdOCoLCdDLC apremarc00aHD7262b.U62 1948c1 aUnited States.bBureau of Labor Standards.10aLabor management safety committees,bhow they work. a[Washington,c1948] a11 p.billus.c27 cm.1 aIts Bulletinvno. 86, rev. aEarlier ed. has title: Guide to industrial accident prevention through a joint labor-management safety committee. 0aIndustrial accidents. 0aManagementxEmployee participation.1 aUnited States.bBureau of Labor Standards.tBulletin ;vno. 86, rev. c36613d36613